[Event "Grosseto 2nd"]
[Site "Grosseto"]
[Date "2010.02.26"]
[Round "9"]
[White "Richard, Sebastian"]
[Black "Andrade, Alexandre"]
[Result "1/2-1/2"]
[WhiteElo "2200"]
[BlackElo "2100"]
[PlyCount "47"]
[EventDate "2010.02.22"]
[EventType "tourn"]
[EventRounds "9"]
[EventCountry "ITA"]
[SourceTitle "CBM 135 Extra"]
[Source "ChessBase"]
[SourceDate "2010.05.04"]
[SourceVersion "1"]
[SourceVersionDate "2010.05.04"]
[SourceQuality "1"]

1. d4 Nf6 2. c4 e5 3. dxe5 Ng4 4. Bf4 Nc6 5. Nf3 Bb4+ 6. Nbd2 Qe7 7. e3 Ngxe5 8. Nxe5 Nxe5 9. Be2 0-0 10. 0-0 d6 11. Nb3 b6 12. Nd4 a5 13. a3 Bc5 14. Re1 a4 15. Nb5 Bb7 16. Nc3 Ng6 17. Nxa4 Nxf4 18. exf4 Qf6 19. Nxc5 dxc5 20. Qc2 Qxf4 21. Rad1 Rad8 22. Bf1 g6 23. Rxd8 Rxd8 24. Rd1 1/2-1/2

[Event "Galatzi GP op"]
[Site "Galatzi"]
[Date "2007.05.09"]
[Round "2"]
[White "Grigorov, Grigor"]
[Black "Richard, Sebastian"]
[Result "1-0"]
[WhiteElo "2431"]
[BlackElo "2086"]
[PlyCount "45"]
[EventDate "2007.05.08"]
[EventType "swiss"]
[EventRounds "9"]
[EventCountry "ROU"]
[SourceTitle "CBM 118 Extra"]
[Source "ChessBase"]
[SourceDate "2007.07.04"]
[SourceVersion "1"]
[SourceVersionDate "2007.07.04"]
[SourceQuality "1"]

1. d4 Nf6 2. c4 g6 3. Nc3 Bg7 4. e4 0-0 5. Be2 d6 6. Bg5 h6 7. Be3 e5 8. d5 a5 9. g4 Ne8 10. Qd2 Kh7 11. h4 Na6 12. h5 g5 13. f3 Bd7 14. Nh3 f6 15. Nf2 a4 16. Nd3 c5 17. dxc6 Bxc6 18. Kf2 Qa5 19. b4 Nxb4 20. Nxb4 Qxb4 21. Rab1 Qa3 22. Rb6 d5 23. exd5 1-0

[Event "Centrocoop op"]
[Site "Eforie Nord"]
[Date "2000.??.??"]
[Round "?"]
[White "Richard, Sebastian"]
[Black "Linca, Ionel"]
[Result "1/2-1/2"]
[WhiteElo "1720"]
[BlackElo "2050"]
[PlyCount "66"]
[EventDate "2000.??.??"]
[EventType "swiss"]
[EventRounds "9"]
[EventCountry "ROU"]
[SourceTitle "EXT 2004"]
[Source "ChessBase"]
[SourceDate "2003.11.25"]
[SourceVersion "1"]
[SourceVersionDate "2003.11.25"]
[SourceQuality "1"]

1. e4 c5 2. Nf3 d6 3. d4 cxd4 4. Nxd4 Nf6 5. Nc3 a6 6. Bc4 e6 7. 0-0 Qc7 8. Bb3 Nc6 9. Be3 Be7 10. f4 0-0 11. Qf3 Na5 12. Rad1 Nxb3 13. cxb3 b5 14. Rc1 Qd7 15. e5 Bb7 16. exf6 Bxf3 17. fxe7 Qxe7 18. Rxf3 Rfc8 19. b4 Rc4 20. Rf2 Rac8 21. Rfc2 Qb7 22. a3 h6 23. Nb3 Qb8 24. Na5 R4c7 25. Rd2 Rd7 26. Rcd1 d5 27. Ne4 Rdc7 28. Nc5 Qb6 29. Rd3 Qd6 30. Ncb7 Qe7 31. Nc5 Ra8 32. Bd4 Kh7 33. Be5 Rcc8 1/2-1/2